| 000 | 00360nam a22001337a 4500 | ||
|---|---|---|---|
| 999 |
_c2212 _d2212 |
||
| 008 | 200217b ||||| |||| 00| 0 eng d | ||
| 100 |
_91799 _aSalivahanan, S. |
||
| 245 | 1 | 0 |
_aElectronic devices and circuits/ _cby S. Salivahanan |
| 250 | _a2nd ed. | ||
| 260 |
_aNew-Delhi _bTata McGraw Hill _c2007 |
||
| 300 | _axiii,946p. | ||
| 650 | 0 | _aElectronics | |
| 942 | _cBK | ||